میں دیکھتا چلا گیا / (Record no. 194262)
[ view plain ]
| 000 -LEADER | |
|---|---|
| fixed length control field | 00651nam a22001937a 4500 |
| 005 - DATE AND TIME OF LATEST TRANSACTION | |
| control field | 20221212172557.0 |
| 010 ## - LCCN (DPL NO) | |
| LC control number | UR-11793 |
| 020 ## - INTERNATIONAL STANDARD BOOK NUMBER | |
| International Standard Book Number | 9789392496110 |
| Terms of availability | 449.00 |
| 035 ## - SYSTEM CONTROL NUMBER | |
| System control number | U-10348 |
| 037 ## - SOURCE OF ACQUISITION | |
| Source of stock number/acquisition | DBAD/PUB |
| Stock number | - |
| 082 ## - DEWEY DECIMAL CLASSIFICATION NUMBER | |
| Classification number | 844 |
| 100 ## - MAIN ENTRY--PERSONAL NAME | |
| Personal name | کپور، کنھیا لال |
| 245 ## - TITLE STATEMENT | |
| Title | میں دیکھتا چلا گیا / |
| Statement of responsibility, etc | کنھیا لال کپور |
| Medium | ا ر د و |
| 246 ## - VARYING FORM OF TITLE | |
| Title proper/short title | Main Dekhta Chla Gya / |
| Remainder of title | by Kanhaiya Lal Kapoor |
| 260 ## - PUBLICATION, DISTRIBUTION, ETC. (IMPRINT) | |
| Place of publication, distribution, etc | New Delhi |
| Name of publisher, distributor, etc | Educational Publishing House |
| Date of publication, distribution, etc | 2021 ء |
| 270 ## - ADDRESS | |
| Address | H.o. D1/16, Ansari Road, Darya Ganj |
| City | New Delhi |
| Postal code | 110002 |
| 300 ## - PHYSICAL DESCRIPTION | |
| Extent | 516 ص |
| Dimensions | 23cm(Hb) |
| 942 ## - ADDED ENTRY ELEMENTS (KOHA) | |
| Source of classification or shelving scheme | Dewey Decimal Classification |
| Item type | Urdu Bks |
| Call number suffix | ک پ و |
| Classification part | 844 |
| Withdrawn status | Lost status | Not for loan | Collection code | Home library | Current library | Date acquired | Source of acquisition | Cost, normal purchase price | Full call number | Barcode | Copy number | Cost, replacement price | Koha item type |
|---|---|---|---|---|---|---|---|---|---|---|---|---|---|
| Non-fiction | Central Library | Central Library | 12/12/2022 | DBAD/PUB | 449.00 | 844 ک پ و | U-10348 | 1 | 449.00 | Urdu Bks |
